000 00617nam a2200229Ia 4500
003 OSt
005 20220924152326.0
006 a|||||r|||| 00| 0
007 ta
008 220923b |||||||| |||| 00| 0 ara d
024 _a342025
037 _cTextual
040 _aARTS
_cARTS
_bara
041 _2ara
_aara
082 _aQ7w2,H5, 28H7.1-.7
100 _aHasni Fakharuddin Au.
_9226388
245 0 _aAl-jazai al-saba min nazah al-khawatir
260 _c1947
650 _aISLAM
_9577
942 _hQ7w2,H5, 28H7.1-.7
_cTEXL
_2CC
999 _c469468
_d469468